Alle Bahnhöfe NRW (Ohne S-Bahnhöfe) [#1] - Statistiken

Allgemein
  • Dieses Quiz wurde 103 mal gespielt
  • Das Durchschnittsergebnis liegt bei 118 aus 500
Antwortstatistiken
Stadt Bahnhof Züge % Korrekt
Aachen Aachen Hbf RE1/RE4/RE9/RE18/RE29/RB20/RB33
82%
Köln Köln/Bonn Flughafen RE6/RB27
81%
Ibbenbüren Esch RE60/RB61
78%
Düren Düren RE1/RE9/RB20/RB21/RB28
76%
Stolberg Stolberg Hbf RE1/RE9/RB20
72%
Düsseldorf Düsseldorf Hbf RE1/RE2/RE3/RE4/RE5/RE6/RE10/RE11/RE13/RE19/RE47/RB39
71%
Eschweiler Eschweiler Hbf RE1/RE9
71%
Langerwehe Langerwehe RE1/RE9/RB20
69%
Köln Köln Hbf RE1/RE5/RE6/RE7/RE8/RE9/RE12/RE22/RB24/RB25/RB26/RB27/RB38/RB48
68%
Duisburg Duisburg Hbf RE1/RE2/RE3/RE5/RE6/RE11/RE19/RE42/RE44/RB31/RB32/RB33/RB35
67%
Köln Mülheim RE1/RE5/RE7/RB48
65%
Dortmund Dortmund Hbf RE1/RE3/RE4/RE6/RE11/RE13/RE34/RE57/RB32/RB43/RB50/RB51/RB52/RB53/RB59
63%
Köln Messe/Deutz RE1/RE5/RE7/RE8/RE9/RE12/RE22/RB24/RB25/RB26/RB27/RB38/RB48
63%
Essen Essen Hbf RE1/RE2/RE6/RE11/RE14/RE16/RE42/RE49/RB33/RB40
60%
Bochum Bochum Hbf RE1/RE6/RE11/RE16/RE41/RB40/RB46
58%
Hamm Hamm Hbf RE1/RE3/RE6/RE7/RE11/RE13/RB69/RB89
58%
Leverkusen Leverkusen Mitte RE1/RE5
57%
Münster Münster Hbf RE2/RE7/RE15/RE42/RB50/RB63/RB64/RB65/RB66/RB67/RB69/RB89
57%
Oberhausen Oberhausen Hbf RE3/RE5/RE19/RE44/RE49/RB32/RB35/RB36
57%
Aachen Rothe Erde RE1/RE9/RB20
57%
Bonn Bonn Hbf RE5/RB26/RB30/RB48
56%
Köln Ehrenfeld RE1/RE8/RE9/RB27/RB38
56%
Gelsenkirchen Gelsenkirchen Hbf RE2/RE3/RE42/RB32/RB35/RB46
56%
Haltern am See Haltern am See RE2/RE41/RE42
56%
Herne Herne RE3/RB32/RB43
56%
Kamen Kamen RE1/RE3/RE6/RE11
56%
Mülheim (Ruhr) Mülheim Hbf RE1/RE2/RE6/RE11/RE42/RE49/RB33
56%
Recklinghausen Recklinghausen Hbf RE2/RE41/RE42
56%
Bönen Bönen RE7/RE13
54%
Dülmen Dülmen RE2/RE42/RB51
54%
Hagen Hagen Hbf RE4/RE7/RE13/RE16/RE17/RB40/RB52/RB91
54%
Mönchengladbach Mönchengladbach Hbf RE4/RE8/RE13/RE42/RB27/RB33/RB34/RB35
54%
Wuppertal Wuppertal Hbf RE4/RE7/RE13/RE49/RB48
54%
Bielefeld Bielefeld Hbf RE6/RE70/RE78/RE82/RB61/RB67/RB69/RB71/RB73/RB74/RB75
53%
Düsseldorf Flughafen RE1/RE2/RE3/RE5/RE6/RE11/RE19
53%
Herzogenrath Herzogenrath RE4/RE18/RB20/RB33
53%
Krefeld Krefeld Hbf RE7/RE10/RE42/RB33/RB35/RB37
53%
Herford Herford RE6/RE70/RE78/RB61/RB71/RB72/RB77
51%
Neuss Neuss Hbf RE4/RE6/RE7/RE13/RB37/RB39
51%
Dormagen Dormagen RE6/RE7
50%
Ennepetal Ennepetal RE4/RE7/RE13
50%
Solingen Solingen Hbf RE7/RE47/RB48
50%
Unna Unna RE7/RE13/RB54/RB59
50%
Bochum Wattenscheid RE1/RE6/RE11/RE16/RB40
50%
Wesel Wesel RE5/RE19/RE49
50%
Ahlen Ahlen RE6/RB69
49%
Brühl Brühl RE5/RB26/RB48
49%
Geilenkirchen Geilenkirchen RE4/RB33
49%
Gütersloh Gütersloh Hbf RE6/RB67/RB69
49%
Löhne Löhne RE6/RE60/RE62/RE70/RE78/RB77
49%
Minden Minden RE6/RE60/RE70/RE78
49%
Oelde Oelde RE6/RB69
49%
Schwelm Schwelm RE4/RE7/RE13
49%
Wetter Wetter RE4/RE16/RB40
49%
Witten Witten Hbf RE4/RE16/RE34/RB40
49%
Dinslaken Dinslaken RE5/RE19/RE49
47%
Greven Greven RE7/RE15/RB65
47%
Ostbevern Ostbevern RE2/RB66
47%
Rheine Rheine RE7/RE15/RE60/RE62/RB61/RB65
47%
Schwerte Schwerte RE7/RE13/RE17/RB53
47%
Troisdorf Troisdorf RE8/RE9/RB27
47%
Viersen Viersen RE13/RE42/RB33/RB35
47%
Voerde Voerde RE5/RE19/RE49
47%
Castrop-Rauxel Castrop-Rauxel Hbf RE3/RB32
46%
Erkelenz Erkelenz RE4/RB33
46%
Lengerich Lengerich RE2/RB66
46%
Wuppertal Oberbarmen RE4/RE7/RE13/RB48
46%
Porta Westfalica Porta Westfalica RE6/RE60/RE70/RE78
46%
Siegburg Siegburg RE9
46%
Übach-Palenberg Übach-Palenberg RE4/RB33
46%
Bad Honnef Bad Honnef RE8/RB27
44%
Emsdetten Emsdetten RE7/RE15/RB65
44%
Euskirchen Euskirchen RE12/RE22/RB24/RB28
44%
Grevenbroich Grevenbroich RE8/RB27/RB39
44%
Hennef Hennef RE9
44%
Jüchen Jüchen RE8/RB27
44%
Köln Köln Süd RE5/RE12/RE22/RB24/RB26/RB48
44%
Rheda-Wiedenbrück Rheda-Wiedenbrück RE6/RB67/RB69
44%
Soest Soest RE11/RB59/RB89
44%
Telgte Telgte RB67
44%
Warburg Warburg RE11/RE17
44%
Aachen Aachen West RE4/RE18/RB20/RB33
43%
Altenbeken Altenbeken RE11/RE82/RB72/RB84/RB85
43%
Bad Oeynhausen Bad Oeynhausen RE6/RE60/RE70/RE78
43%
Düsseldorf Benrath RE1/RE5
43%
Selm Bork RB51
43%
Dorsten Dorsten RE14/RB43
43%
Iserlohn Iserlohn RE16/RB53/RB91
43%
Lippstadt Lippstadt RE11/RB89
43%
Paderborn Paderborn Hbf RE11/RB72/RB74/RB84/RB85/RB89
43%
Pulheim Pulheim RE8/RB27
43%
Siegen Siegen Hbf RE9/RE34/RE99/RB90/RB91/RB93/RB95
43%
Arnsberg Arnsberg RE17/RE57
42%
Bedburg Bedburg RB38/RB39
42%
Coesfeld Coesfeld RE14/RB51/RB63
42%
Drensteinfurt Drensteinfurt RE7/RB69/RB89
42%
Hohenlimburg Hohenlimburg RE16/RE34/RB91
42%
Kall Kall RE12/RE22/RB24
42%
Königswinter Königswinter RE8/RB27
42%
Rommerskirchen Rommerskirchen RE8/RB27
42%
Willebadessen Willebadessen RE11
42%
Wuppertal Barmen RE4/RE13/RB48
40%
Borken Borken RE14
40%
Eitorf Eitorf RE9
40%
Emmerich Emmerich RE19
40%
Geldern Geldern RE10
40%
Kerpen Horrem RE1/RE9/RB38
40%
Kempen Kempen RE10
40%
Kevelaer Kevelaer RE10
40%
Kleve Kleve RE10
40%
Olsberg Olsberg RE17/RE57
40%
Reken Reken RE14
40%
Mönchengladbach Rheydt Hbf RE4/RE8/RB27/RB33/RB34/RB35
40%
Wickede Wickede RE17/RE57
40%
Düsseldorf Bilk RE4/RE6/RE10/RE13/RB39
39%
Bottrop Bottrop Hbf RE14/RE44
39%
Fröndenberg Fröndenberg RE17/RE57/RB54
39%
Goch Goch RE10
39%
Meschede Meschede RE17/RE57
39%
Bestwig Bestwig RE17/RE57
38%
Hamminkeln Hamminkeln RE19
38%
Dortmund Kurl RE1/RE3
38%
Marsberg Marsberg RE17
38%
Krefeld Oppum RE7/RE10/RB33/RB35/RB37
38%
Wuppertal Vohwinkel RE4/RE13/RE49/RB48
38%
Weeze Weeze RE10
38%
Bedburg-Hau Bedburg-Hau RE10
36%
Krefeld Linn RB33/RB35
36%
Mechernich Mechernich RE12/RE22/RB24
36%
Leverkusen Opladen RE7/RB48
36%
Rhade Rhade RE14
36%
Winterberg Winterberg RE57
35%
Bonn Bad Godesberg RE5/RB26/RB30/RB48
33%
Jülich Jülich RB21
33%
Köln Köln West RE22/RB24/RB26/RB48
33%
Lüdenscheid Lüdenscheid RB25/RB52
33%
Sankt Augustin Menden RE8/RB27
33%
Menden Menden RB54
33%
Dortmund Scharnhorst RE1/RE3
33%
Essen Steele RE49/RB33
33%
Bonn UN Campus RE5/RB26/RB30/RB48
33%
Essen Altenessen RE3/RB32/RB35
32%
Bonn Beuel RE8/RB27
32%
Dortmund Hörde RB53/RE57/RB59
32%
Oberhausen Sterkrade RE5/RE19/RE49
32%
Krefeld Uerdingen RE42/RB33/RB35
32%
Hückelhoven Baal RE4/RB33
31%
Essen Essen West RE14/RE49/RB33
31%
Dortmund Holzwickede/Dortmund Flughafen RE7/RE13/RB59
31%
Linnich Linnich RB21
31%
Dortmund Mengede RE3/RB32
31%
Kamen Methler RE1/RE3
31%
Beckum Neubeckum RE6/RB69
31%
Bönen Nordbögge RE1/RE3
31%
Xanten Xanten RB31
31%
Bocholt Bocholt RE19
29%
Bünde Bünde RE60/RB61/RE62/RB71
29%
Erftstadt Erftstadt RE22/RB24
29%
Hamm Heessen RE6/RB69
29%
Lage Lage RB72/RE82
29%
Lünen Lünen Hbf RB50/RB51
29%
Moers Moers RE44/RB31
29%
Neuenrade Neuenrade RB54
29%
Ochtrup Ochtrup RB64
29%
Meerbusch Osterath RE7/RE10/RB37
29%
Overath Overath RB25
29%
Recklinghausen Recklinghausen Süd RE41/RE42
29%
Rösrath Rösrath RB25
29%
Aachen Schanz RE4/RB20/RB33
29%
Mülheim Styrum RE49/RB33
29%
Weilerswist Weilerswist RE22/RB24
29%
Westheim Westheim RE17
29%
Alpen Alpen RB31
28%
Altenberge Altenberge RB64
28%
Windeck Au RE9
28%
Gladbeck Gladbeck West RE14
28%
Gronau Gronau RB51/RB64
28%
Gummersbach Gummersbach RB25
28%
Haan Haan RB48
28%
Heinsberg Heinsberg RB33
28%
Herdecke Herdecke RB52
28%
Herne Herne-Wanne-Eickel Hbf RE2/RE3/RE42/RB32/RB43/RB46
28%
Kirchlengern Kirchlengern RE60/RB61/RE62/RB71
28%
Kreuzau Kreuzau RB21
28%
Lübbecke Lübbecke RB71
28%
Nordwalde Nordwalde RB64
28%
Remscheid Remscheid Hbf RE47
28%
Rheinberg Rheinberg RB31
28%
Ahaus Ahaus RB51
26%
Ascheberg Ascheberg RB50
26%
Bad Salzuflen Bad Salzuflen RB72
26%
Billerbeck Billerbeck RB63
26%
Hagen Dahl RB52
26%
Espelkamp Espelkamp RB71
26%
Heimbach Heimbach RB21
26%
Ibbenbüren Ibbenbüren RE60/RB61/RE62
26%
Rahden Rahden RB71
26%
Halle Vorhalle RB40
26%
Werl Werl RB59
26%
Werne Werne RB50
26%
Balve Balve RB54
25%
Beelen Beelen RB67
25%
Essen Borbeck RE14
25%
Detmold Detmold RB72/RE82
25%
Havixbeck Havixbeck RB63
25%
Herzebrock Herzebrock RB67
25%
Münster Hiltrup RE7/RB69/RB89
25%
Heinsberg Horst RB33
25%
Lüdinghausen Lüdinghausen RB51
25%
Marienheide Marienheide RB25
25%
Nettersheim Nettersheim RB22
25%
Oerlinghausen Oerlinghausen RB73/RE82
25%
Dortmund Signal Iduna Park RB52/RB53/RB59
25%
Vettweiß Vettweiß RB28
25%
Warendorf Warendorf RB67
25%
Telgte Westbevern RE2/RB66
25%
Zülpich Zülpich RB28
25%
Brilon Brilon Wald RE17/RE57/RB97
24%
Engelskirchen Engelskirchen RB25
24%
Oberhausen Holten RE5/RE19/RE49
24%
Hörstel Hörstel RE60/RB61
24%
Ledgen Ledgen RB51
24%
Meinerzhagen Meinerzhagen RB25
24%
Köln Porz RE8/RE9
24%
Duisburg Rheinhausen RE42/RE44/RB31/RB33/RB35
24%
Schalksmühle Schalksmühle RB52
24%
Selm Selm RB51
24%
Dahlem Dahlem RB22
22%
Dalheim Dalheim RB34
22%
Hilden Hilden RE47
22%
Horn-Bad Meinberg Horn-Bad Meinberg RB72/RE82
22%
Hövelhof Hövelhof RB74
22%
Kierspe Kierspe RB25
22%
Iserlohn Letmathe RE16/RE34/RB91
22%
Geilenkirchen Lindern RE4/RB33
22%
Marl Sinsen RE41/RE42
22%
Wegberg Wegberg RB34
22%
Bergheim Bergheim RB38
21%
Voerde Friedrichsfeld RE5/RE19/RE49
21%
Leichlingen Leichlingen RB48
21%
Mönchengladbach-Rheydt Odenkirchen RE8/RB27
21%
Schloß Holte-Stukenbrock Schloss Holte RB74
21%
Steinfurt Burgsteinfurt RB64
19%
Castrop-Rauxel Castrop-Rauxel Süd RB43
19%
Gladbeck Gladbeck Ost RB43
19%
Dortmund Kirchderne RB50/RB51
19%
Bonn Oberkassel RE8/RB27
19%
Lünen Preußen RB50/RB51
19%
Gladbeck Zweckel RE14/RB43
19%
Kerken Aldekerk RE10
18%
Bochum Bochum West RB46
18%
Dortmund Derne RB50/RB51
18%
Lienen Kattenvenne RE2/RB66
18%
Bonn Mehlem RB26/RB48
18%
Arnsberg Neheim-Hüsten RE17/RE57
18%
Solingen Solingen Mitte RE47
18%
Brilon Stadt RE57/RB97
18%
Münster Albachten RE42
17%
Essen Bergeborbeck RB32/RB35
17%
Bielefeld Brackwede RB67/RB69/RB74/RB75
17%
Essen Dellwig RB32/RB35
17%
Bottrop Feldhausen RE14/RB43
17%
Haan Gruiten RB48
17%
Dorsten Hervest RE14
17%
Nettetal Kaldenkirchen RE13
17%
Hürth Kalscheuren RE22/RB24/RB26/RB48
17%
Metelen Land RB64
17%
Duisburg Ruhrort RB36
17%
Essen Zollverein-Nord RB32/RB35
17%
Gelsenkirchen Zoo RB43
17%
Dortmund Aplerbeck RB59
15%
Hamm Bockum-Hövel RB69/RB89
15%
Iserlohn Dechenhöhle RE16/RB91
15%
Köln Hansaring RB25
15%
Essen Kray Süd RB40
15%
Essen Kupferdreh RE49
15%
Velbert Langenberg RE49
15%
Remscheid Lennep RE47
15%
Velbert Neviges RE49
15%
Bochum Riemke RB46
15%
Windeck Schladern RE9
15%
Stolberg Stolberg Altstadt RB20
15%
Pulheim Stommeln RE8/RB27
15%
Dortmund Tierpark RB52
15%
Münster Zentrum Nord RB63/RB64/RB65
15%
Münster Amelsbüren RB50
14%
Dortmund Aplerbeck Süd RB53
14%
Lüdenscheid Brügge RB25/RB52
14%
Nordkirchen Capelle RB50
14%
Herzebrock Clarholz RB67
14%
Eschweiler Eschweiler West RB20
14%
Troisdorf Friedrich Wilhelmshütte RE8/RB27
14%
Jüchen Hochneukirch RE8/RB27
14%
Brilon Hoppecke RE17
14%
Dortmund Lütgendortmund Nord RB43
14%
Duisburg Meiderich Süd RB36
14%
Castrop-Rauxel Merklinde RB43
14%
Rees Millingen RE19
14%
Rheinberg Millingen RB31
14%
Duisburg Obermeiderich RB36
14%
Duisburg Rheinhausen Ost RB33/RB35
14%
Bielefeld Senne RB74
14%
Stolberg Stolberg Rathaus RB20
14%
Haltern am See Sythen RE42
14%
Alsdorf Annapark RB20
13%
Willich Anrath RB33/RB35
13%
Selm Beifang RB51
13%
Olsberg Bigge RE57
13%
Dortmund Bövinghausen RB43
13%
Nettetal Breyell RE13
13%
Gelsenkirchen Buer Süd RB43
13%
Viersen Dülken RE13
13%
Aachen Eilendorf RB20
13%
Meschede Freienohl RE17/RE57
13%
Jülich Jülich Nord RB21
13%
Reken Maria-Veen RE14
13%
Dortmund Marten RB43
13%
Duisburg Meiderich Ost RB36
13%
Arnsberg Oeventrop RE17/RE57
13%
Bad Honnef Rhöndorf RE8/RB27
13%
Duisburg Trompet RB31
13%
Nottuln Appelhülsen RE42
11%
Steinfurt Borghorst RB64
11%
Senden Bösensell RE42
11%
Emmerich Elten RE19
11%
Wesel Feldmark RE19
11%
Jülich Forschungszentrum RB21
11%
Köln Frankfurter Straße RB25
11%
Bochum Hamme RB46
11%
Duisburg Hochfeld Süd RB33/RB35
11%
Krefeld Hohenbudberg Chempark RB33/RB35
11%
Dortmund Huckarde Nord RB43
11%
Reken Klein Reken RE14
11%
Herzogenrath Kohlscheid RB20/RB33
11%
Rheine Mesum RB65
11%
Königswinter Niederdollendorf RE8/RB27
11%
Oberhausen Osterfeld Süd RE44
11%
Dortmund Rahm RB43
11%
Bornheim Roisdorf RB26/RB48
11%
Münster Roxel RB63
11%
Hiddenhausen Schweicheln RB61/RB71
11%
Bottrop Vonderort RE44
11%
Düren Annakirmesplatz RB21
10%
Viersen Boisheim RE13
10%
Hückelhoven Brachelen RB33
10%
Oberhausen Brake RB61/RB71
10%
Jülich Broich RB21
10%
Dülmen Buldern RE42
10%
Alsdorf Busch RB20
10%
Düsseldorf Eller Mitte RE47
10%
Krefeld Forsthaus RB33/RB35
10%
Steinfurt Grottenkamp BR64
10%
Münster Häger RB64
10%
Windeck Herchen RE9
10%
Brühl Kierberg RB24
10%
Dorsten Lembeck RE14
10%
Dortmund Löttringhausen RB52
10%
Münster Mecklenbeck RB63
10%
Drensteinfurt Mersch RB69/RB89
10%
Drensteinfurt Rinkerode RB69/RB89
10%
Warburg Scherfede RE17
10%
Bornheim Sechtem RB26/RB48
10%
Dorsten Wulfen RE14
10%
Fröndenberg Ardey RB54
8%
Gütersloh Avenwedde RB67/RB69
8%
Bielefeld Bielefeld Ost RB73
8%
Blankenheim Blankenheim Wald RB22
8%
Nideggen Brück RB21
8%
Dorsten Deuten RE14
8%
Gummersbach Dieringhausen RB25
8%
Hamminkeln Dingden RE19
8%
Warendorf Einen-Müssingen RB67
8%
Schwerte Ergste RB53
8%
Heimbach Hausen RB21
8%
Rösrath Hoffnungsthal RB25
8%
Dortmund Kirchhörde RB52
8%
Coesfeld Lette RB51
8%
Leverkusen Manfort RB48
8%
Borken Marbeck-Heiden RE14
8%
Alsdorf Mariadorf RB20
8%
Brilon Messinghausen RE17
8%
Eschweiler Nothberg RB20
8%
Greven Reckenfeld RB65
8%
Mönchengladbach Rheindahlen RB34
8%
Paderborn Sennelager RB74
8%
Bielefeld Sennestadt RB74
8%
Winterberg Silbach RE57
8%
Münster Sprakel RB65
8%
Eschweiler St Jöris RB20
8%
Eschweiler Talbf/Raiffeisen-Platz RB20
8%
Köln Trimbornstraße RB25
8%
Eschweiler Weisweiler RB20
8%
Mönchengladbach Wickrath RB33
8%
Herzogenrath Alt-Merkstein RB20
7%
Marsberg Beringhausen RE17
7%
Balve Binolen RB54
7%
Wesel Blumenkamp RE19
7%
Ascheberg Davensberg RB50
7%
Gronau Epe RB51
7%
Balve Garbeck RB54
7%
Solingen Grünewald RE47
7%
Rees Haldern RE19
7%
Unna Hemmerde RB59
7%
Mönchengladbach Herrath RB33
7%
Rosendahl Holtwick RB51
7%
Neuss Holzheim RB39
7%
Düren Im Großen Tal RB21
7%
Iserlohn Iserlohnerheide RB53
7%
Iserlohn Kalthof RB53
7%
Paderborn Kasseler Tor RB74
7%
Neuenrade Küntrop RB54
7%
Ibbenbüren Laggenbeck RE60/RB61
7%
Billerbeck Lutum RB63
7%
Menden Menden Süd RB54
7%
Stolberg Mühlener Bf RB20
7%
Halver Oberbrügge RB25
7%
Hagen Oberhagen RB52
7%
Kreuzau Obermaubach RB21
7%
Paderborn Paderborn Nord RB74
7%
Alsdorf Poststraße RB20
7%
Emmerich Praest RE19
7%
Duisburg Rumeln RB31
7%
Hagen Rummenohl RB52
7%
Paderborn Schloß Neuhaus RB74
7%
Stolberg Schneidmühle RB20
7%
Coesfeld Schulzentrum RB63
7%
Dortmund Sölde RB59
7%
Rösrath Stümpen RB25
7%
Linnich Tetz RB21
7%
Kreuzau Untermaubach-Schlagstein RB21
7%
Werl Westönnen RB59
7%
Herdecke Wittbräucke RB52
7%
Herzogenrath August-Schmidt-Platz RB20
6%
Rödinghausen Bieren RB71
6%
Menden Bösperde RB54
6%
Marsberg Bredelar RE17
6%
Fröndenberg Frömern RB54
6%
Bergheim Glesch RB38
6%
Iserlohn Hennen RB53
6%
Lohmar Honrath RB25
6%
Niederzier Krauthausen RB21
6%
Düren Lendersdorf RB21
6%
Unna Lünern RB59
6%
Rödinghausen Neue Mühle RB71
6%
Bergheim Paffendorf RB38
6%
Engelskirchen Ründeroth RB25
6%
Jülich Selgersdorf RB21
6%
Winterberg Siedlinghausen RE57
6%
Nideggen Zerkall RB21
6%
Nideggen Abenden RB21
4%
Jülich An den Aspen RB21
4%
Wegberg Arsbeck RB34
4%
Preußisch-Oldendorf Bad Holzhausen RB71
4%
Heimbach Blens RB21
4%
Kreuzau Eifelstraße RB21
4%
Grevenbroich Frimmersdorf RB39
4%
Mönchengladbach Genhausen RB34
4%
Euskirchen Großbüllesheim RB24
4%
Grevenbroich Gustorf RB39
4%
Oerlinghausen Helpup RB73
4%
Hövelhof Hövelriege RB74
4%
Niederzier Huchem-Stammeln RB21
4%
Grevenbroich Kapellen-Wevelinghoven RB39
4%
Alsdorf Kellersberg RB20
4%
Heinsberg Kreishaus RB33
4%
Menden Lendringsen RB54
4%
Horn-Bad Meinberg Leopoldstal RB72
4%
Hamminkeln Mehrhoog RE19
4%
Kerken Niuekerk RE10
4%
Heinsberg Porselen RB33
4%
Bergheim Quadrath-Ichendorf RB38
4%
Balve Sanssouci RB54
4%
Mechernich Satzvey RB24
4%
Kall Scheven RB24
4%
Niederzier Selhausen RB21
4%
Düren Tuchmühle RB21
4%
Balve Volkringhausen RB54
4%
Bergheim Zieverich RB38
4%
Nörvenich Binsfeld RB28
3%
Herne Börning RB43
3%
Schalksmühle Dahlerbrück RB52
3%
Heinsberg Dremmen RB33
3%
Vettweiß Jakobswüllesheim RB28
3%
Düren Kuhbrücke RB21
3%
Heinsberg Oberbruch RB33
3%
Heinsberg Randerath RB33
3%
Düren Renkerstraße RB21
3%
Steinheim Sandebeck RB72
3%
Dahlem Schmidtheim RB22
3%
Bad Salzuflen Schötmar RB72
3%
Bad Salzuflen Sylbach RB72
3%
Kreuzau Üdingen RB21
3%
Bielefeld Windelsbleiche RB74
3%
Weilerswist Derkum RB24
1%
Lage Ehlenbruch RB73
1%
Zülpich Nemmenich RB28
1%
Bielefeld Oldentrup RB73
1%
Nörvenich Rommelsheim RB28
1%
Bielefeld Ubbedissen RB73
1%
Rees Empeln RE19
0%
Keine übereinstimmenden Quizze gefunden
Verteilung der Resultate
Anzahl Personen mit jedem Resultat
Perzentil nach korrekt beantworteten Fragen
Ihre Resultats-Entwicklung
Sie haben dieses Quiz noch nicht gespielt